Music Quiz

Random Music or Clickable Quiz

Songs That Go 'Up' Quiz Stats

 Plays Quiz Updated Mar 5, 2014

Support Sporcle.
Go Orange.
Score 0/25 Timer 05:00
0 Plays Today
% Correct
Wham!
84.1%
Rick Astley
82.2%
The Rolling Stones
71.8%
The Everly Brothers
64.4%
Joe Cocker & Jennifer Warnes
64.3%
Paula Abdul
60.1%
Bob Marley
59.3%
Sheryl Crow
56.7%
Debby Boone
52.9%
Rihanna
47.5%
4 Non Blondes
47.2%
Prodigy
45%
Katy Perry
44.4%
% Correct
Cameo
41.4%
The Band
40.5%
5th Dimension
40.3%
The Cars
39.8%
Kate Bush
37.8%
Madonna
36.9%
.38 Special
30%
The Black Eyed Peas
28.9%
Average White Band
27.4%
Argent
27.4%
KC & The Sunshine Band
23.5%
The Jonas Brothers
21.1%

From the Vault

Remove Ads.
Support Sporcle.
Get the best of Sporcle when you Go Orange. This ad-free experience offers more features, more stats, and more fun while also helping to support Sporcle. Thank you for becoming a member.

Show Comments

Extras

Top Quizzes Today


Score Distribution

Your Account Isn't Verified!

In order to create a playlist on Sporcle, you need to verify the email address you used during registration. Go to your Sporcle Settings to finish the process.

Report this User

Report this user for behavior that violates our Community Guidelines.

Details: